000 00735nam a2200229 a 4500
001 000002519
005 20250120110604.0
008 090701s2000 dr ac 001 0 spa d
020 _a9993429015
040 _aDO-SdBNP
_bspa
_cBNPHU
082 _a070.449796
_bN714r
100 1 _aNina Gómez, Carlos
_96492
245 1 0 _aRedacción deportiva /
_cCarlos Nina Gómez ;[prólogo Rafael Molina Morillo].
260 _aSanto Domingo :
_bCollado,
_c2000.
300 _a217 p. :
_bil. retr. ;
_c21 cm.
500 _aIncluye índice
590 _aInventariado,2018/DG
650 4 _aPeriodismo deportivo
_96910
650 4 _aCrónica deportiva
_96911
700 1 2 _aMolina Morillo, Rafael,
_d1930-1917
_937
910 _aJornada de catalogación
999 _c2355
_d2355